Quick Pick: Sherlock Episode Titles Quiz Stats

 Plays Quiz Updated Oct 16, 2017

Score 0/13 Timer 01:00
2 Plays Today
% Correct
Baskerville
92.7%
Thatchers
84.4%
Hearse
84.1%
Pink
78.9%
Scandal
77.9%
Vow
77.4%
Sign
74.8%
Blind
71.5%
Problem
69.5%
Abominable
66.6%
Reichenbach
66.6%
Great
60.7%
Lying
50.2%

Today's Daily Dose

You're not logged in!

Compare scores with friends on all Sporcle quizzes.
OR
Log In

You Might Also Like...

Show Comments

Extras

Top Quizzes Today


Score Distribution

Your Account Isn't Verified!

In order to create a playlist on Sporcle, you need to verify the email address you used during registration. Go to your Sporcle Settings to finish the process.

Report this User

Report this user for behavior that violates our Community Guidelines.

Details: